442's Top 100 World Football Players 2012 - Statistics

General Stats
  • This quiz has been taken 4,170 times
  • The average score is 50 of 100
Answer Stats
Rank Club Answer % Correct
1 Barcelona Lionel Messi
100%
2 Real Madrid Cristiano Ronaldo
99%
3 Barcelona Andrés Iniesta
94%
6 Barcelona Xavi
93%
10 Manchester Utd Wayne Rooney
91%
8 Manchester City Sergio Agüero
88%
28 Santos Neymar
87%
11 Tottenham Gareth Bale
83%
13 PSG Zlatan Ibrahimović
83%
45 Liverpool Luis Suárez
80%
21 PSG Thiago Silva
78%
16 Manchester City David Silva
77%
5 Manchester Utd Robin van Persie
77%
29 Real Madrid Sergio Ramos
76%
38 Barcelona Gerard Piqué
75%
66 Bayern Munich Arjen Robben
74%
7 Manchester City Yaya Touré
73%
17 Real Madrid Karim Benzema
72%
34 Bayern Munich Franck Ribéry
71%
12 Real Madrid Iker Casillas
71%
22 Dortmund Robert Lewandowski
71%
9 Juventus Andrea Pirlo
69%
20 Napoli Édinson Cavani
69%
4 Atlético Madrid Radamel Falcao
69%
61 Chelsea Frank Lampard
68%
36 Bayern Munich Manuel Neuer
68%
14 Manchester City Vincent Kompany
68%
47 Dortmund Marco Reus
67%
37 Real Madrid Luka Modrić
65%
18 Bayern Munich Philipp Lahm
65%
100 Chelsea Fernando Torres
64%
31 Real Madrid Mesut Özil
64%
96 Liverpool Steven Gerrard
64%
26 Juventus Gianluigi Buffon
63%
23 Barcelona Sergio Busquets
63%
54 Barcelona Carles Puyol
62%
42 Barcelona Dani Alves
62%
53 Anzhi Samuel Eto'o
61%
27 Real Madrid Ángel di María
59%
30 Chelsea Eden Hazard
59%
35 Barcelona David Villa
58%
56 Real Madrid Marcelo
58%
60 Manchester City Carlos Tévez
57%
49 Barcelona Alexis Sánchez
56%
33 Barcelona Jordi Alba
56%
67 Bayern Munich Toni Kroos
56%
79 Zenit Hulk
55%
52 Barcelona Pedro
55%
41 Real Madrid Pepe
55%
24 Real Madrid Gonzalo Higuaín
54%
92 Dortmund Mario Götze
54%
78 Barcelona Victor Valdes
54%
19 Real Madrid Xabi Alonso
54%
57 Dortmund Mats Hummels
53%
15 Barcelona Cesc Fàbregas
50%
25 Bayern Munich Bastian Schweinsteiger
49%
51 Manchester City Joe Hart
49%
76 Manchester Utd Nemanja Vidić
49%
59 Juventus Giorgio Chiellini
46%
39 Udinese Antonio Di Natale
45%
90 Milan Kevin-Prince Boateng
45%
32 Chelsea Juan Mata
42%
71 Manchester City Mario Balotelli
42%
40 Chelsea Ashley Cole
40%
73 Lazio Miroslav Klose
39%
43 Roma Daniele De Rossi
38%
89 Málaga Isco
37%
55 Schalke 04 Klaas-Jan Huntelaar
36%
70 Chelsea Oscar
36%
72 Bayern Munich Mario Gómez
35%
83 Napoli Marek Hamšík
33%
99 Porto James Rodríguez
32%
69 Manchester City Samir Nasri
32%
50 Arsenal Santi Cazorla
30%
46 Juventus Claudio Marchisio
28%
82 Bayern Munich Javi Martínez
28%
48 Internazionale Wesley Sneijder
28%
98 Bayern Munich Mario Mandžukić
26%
62 PSG Javier Pastore
25%
77 São Paulo Lucas Moura
25%
58 Chelsea Ramires
25%
88 Internazionale Diego Milito
24%
44 Manchester Utd Antonio Valencia
23%
74 Ajax Christian Eriksen
23%
75 Juventus Andrea Barzagli
21%
65 Athletic Club Fernando Llorente
21%
94 Manchester Utd Javier Hernandez
20%
93 Arsenal Lukas Podolski
20%
63 Manchester Utd Shinji Kagawa
20%
91 Everton Marouane Fellaini
18%
84 Valencia Roberto Soldado
15%
64 Porto João Moutinho
14%
86 Lazio Hernanes
10%
87 CSKA Moscow Alan Dzagoev
9%
97 Vasco da Gama Dedé
9%
95 Dortmund Łukasz Piszczek
9%
85 Internazionale Samir Handanović
9%
68 Arsenal Thomas Vermaelen
9%
80 Dortmund Jakub Błaszczykowski
8%
81 PSG Jérémy Ménez
8%
No matching quizzes found
Score Distribution
Percent of People with Each Score
Percentile by Number Answered
Your Score History
You have not taken this quiz